<?xml version="1.0" encoding="utf-8"?>
<?xml-stylesheet type='text/xsl' href='./oai2.xsl'?>
<OAI-PMH xmlns="http://www.openarchives.org/OAI/2.0/" xmlns:xsi="http://www.w3.org/2001/XMLSchema-instance" xsi:schemaLocation="http://www.openarchives.org/OAI/2.0/ http://www.openarchives.org/OAI/2.0/OAI-PMH.xsd">
  <responseDate>2026-06-07T01:09:25Z</responseDate>
  <request verb="GetRecord" metadataPrefix="marcxml" identifier="record_kuniweb_2508534">https://kulturerbe.niedersachsen.de/oai</request>
  <GetRecord>
    <record>
      <header>
        <identifier>record_kuniweb_2508534</identifier>
        <datestamp>2026-03-31T19:09:18Z</datestamp>
        <setSpec>slg0175</setSpec>
      </header>
      <metadata>
        <marc:record xmlns:marc="http://www.loc.gov/MARC21/slim" xsi:schemaLocation="http://www.loc.gov/MARC21/slim http://www.loc.gov/standards/marcxml/schema/MARC21slim.xsd">
          <marc:leader>12345nkm  22     uu 4500</marc:leader>
          <marc:controlfield tag="001">2508534</marc:controlfield>
          <marc:controlfield tag="003">http://kuniweb.gbv.de</marc:controlfield>
          <marc:controlfield tag="005">2024-05-27T13:44:49</marc:controlfield>
          <marc:controlfield tag="008">|           ||||||||||||||||||||||</marc:controlfield>
          <marc:datafield tag="245" ind1="1" ind2="0">
            <marc:subfield code="a">Im Sonnenschein</marc:subfield>
          </marc:datafield>
          <marc:datafield tag="720" ind1=" " ind2=" ">
            <marc:subfield code="a">L. Angerer (Berlin)</marc:subfield>
          </marc:datafield>
          <marc:datafield tag="720" ind1=" " ind2=" ">
            <marc:subfield code="a">E. A. Seemann (Firma : Leipzig)</marc:subfield>
          </marc:datafield>
          <marc:datafield tag="720" ind1=" " ind2=" ">
            <marc:subfield code="a">Ludwig Noster</marc:subfield>
          </marc:datafield>
          <marc:datafield tag="700" ind1="1" ind2=" ">
            <marc:subfield code="a">Fritz Krostewitz</marc:subfield>
            <marc:subfield code="e">StecherIn</marc:subfield>
          </marc:datafield>
          <marc:datafield tag="655" ind1=" " ind2="7">
            <marc:subfield code="a">Grafik</marc:subfield>
          </marc:datafield>
          <marc:datafield tag="046" ind1=" " ind2=" ">
            <marc:subfield code="k">1893</marc:subfield>
            <marc:subfield code="k">1893/94 (Veröffentlichung der Reproduktion in der "Zeitschrift für bildende Kunst" 1894)</marc:subfield>
            <marc:subfield code="l">1894</marc:subfield>
          </marc:datafield>
          <marc:datafield tag="260" ind1=" " ind2=" ">
            <marc:subfield code="g">1893</marc:subfield>
            <marc:subfield code="g">1894</marc:subfield>
            <marc:subfield code="g">1893/94 (Veröffentlichung der Reproduktion in der "Zeitschrift für bildende Kunst" 1894)</marc:subfield>
          </marc:datafield>
          <marc:datafield tag="300" ind1=" " ind2=" ">
            <marc:subfield code="a">Höhe: 191 mm (Darstellung)
Breite: 165 mm (Darstellung)
Höhe: 247 mm (Druckplatte)
Breite: 197 mm (Druckplatte)</marc:subfield>
          </marc:datafield>
          <marc:datafield tag="520" ind1=" " ind2=" ">
            <marc:subfield code="a">Radierung von Fritz Krostewitz nach dem Gemälde Ludwig Nosters (1892), erschienen als Beilage in der "Zeitschrift für bildende Kunst" 1894. Noster in Berlin u.a. Schüler des mit HA befreundeten Otto Knille, wie die kurze Mitteilung zur Radierung in der Zeitschrift vermerkt; zur Entstehung des Gemäldes heißt es an dieser Stelle: "[...] erst wieder im Jahre 1890 gelang es ihm, nach Holland zurückzukehren, von wo er eine Reihe von Studien mitbrachte, die er zu einer Reihe von Bildern gestaltet hat, in denen immer Sonnenlicht eine heitere Farbigkeit aus den Figuren [...] und allem übrigen Beiwerk herauslockt. Seine Bilder sind ein erfreuliches Zeugnis dafür, dass sich alle neuen Erfindungen der malerischen Darstellung, alle Feinheiten der Freilichtmalerei und alle Forderungen der absoluten Wahrheitsliebe mit dem Urgrund aller Kunst, der bildenden Phantasie und Poesie, zu einer edlen Harmonie verschmelzen lassen." (ZfbK 1894, S. 224)
Nach dem Tod des Malers 1910 erschien ein kurzer Nekrolog im "Kunstgewerbeblatt" der ZfbK ("Am 30. Mai starb in Berlin der Maler Ludwig Noster, der 1896 vom Kaiser, der ihn besonders schätzte, den vorher niemals verliehenen Titel eines Hofporträtmalers erhalten hatte und der zumal durch seine zahlreichen Bildnisse des Monarchen bekannt geworden war. Noster [...] war Schüler der Berliner Akademie unter Thumann, Knille, Anton von Werner und Carl Gussow [...]. [...] Leser der 'Zeitschrift f. bild. Kunst seien an die feine Radierung von Krostewitz nach Nosters Bilde 'Im Sonnenschein' (Jahrg. 1894, Heft 9) erinnert." [Kunstgewerbeblatt 1910, S. 483]) (T. Mahler 05/2024)

Aufschrift:
"VNF9" verso u. re. (Angaben zur Auflage ("Neue Folge", Bd. 5, Heft 9 in der "Zeitschrift für bildende Kunst", Leipzig 1894))

Gravur:
"1892/ Ludwig Noster Holland" u. re. (Datierung und Signatur des Künstlers innerhalb der Darstellung des reproduzierten Gemäldes)

Aufdruck:
"L. Noster pinx./ Verlag von E.A. Seemann in Leipzig." u. li. "IM SONNENSCHEIN" u. mittig "F. Krostewitz sculps./ Druck von L. Angerer in Berlin." u. re. (unterhalb der Darstellung innerhalb der Druckplatte)

Veröffentlicht in:
Zeitschrift für bildende Kunst, hrsg. von Carl von Lützow (Neue Folge 5, 9), Leipzig (Juni 1894).

Literatur in Zusammenhang:
Kunstchronik. Wochenschrift für Kunst und Kunstgewerbe (Neue Folge 21, 30), Leipzig (24. Juni 1910)</marc:subfield>
          </marc:datafield>
          <marc:datafield tag="650" ind1="1" ind2=" ">
            <marc:subfield code="a">Grafik, Fotografie &gt; Druckgrafik &gt; Tiefdruck &gt; Radierung</marc:subfield>
          </marc:datafield>
          <marc:datafield tag="773" ind1="0" ind2=" ">
            <marc:subfield code="t">Sammlung und Nachlass Hermann Allmers</marc:subfield>
          </marc:datafield>
          <marc:datafield tag="852" ind1=" " ind2=" ">
            <marc:subfield code="a">Archiv des Landkreises Cuxhaven</marc:subfield>
          </marc:datafield>
          <marc:datafield tag="852" ind1=" " ind2=" ">
            <marc:subfield code="a">Holland</marc:subfield>
          </marc:datafield>
          <marc:datafield tag="852" ind1=" " ind2=" ">
            <marc:subfield code="a">Berlin</marc:subfield>
          </marc:datafield>
          <marc:datafield tag="" ind1=" " ind2=" ">
            <marc:subfield code="a">Sammlung und Nachlass Hermann Allmers sind Eigentum der Hermann-Allmers-Gesellschaft e. V. und werden in zwei Teilen an zwei Standorten verwahrt:
Die (museale) Sammlung, bestehend aus Mobiliar und Hausgerät, Tafelgemälden, kleineren und größeren Antiken, Gipsabgüssen, kunsthandwerklichen Objekten aus Keramik und Glas und einer kleinen Bibliothek, befindet sich im Allmers-Haus in Rechtenfleth.
Der literarische, grafische und fotografische "Nachlass Hermann Allmers" hingegen ist im Archiv des Landkreises Cuxhaven in Otterndorf deponiert.</marc:subfield>
          </marc:datafield>
          <marc:datafield tag="" ind1=" " ind2=" ">
            <marc:subfield code="a">Namensnennung - Nicht kommerziell - Keine Bearbeitungen 4.0 International (CC BY-NC-ND 4.0)</marc:subfield>
          </marc:datafield>
        </marc:record>
      </metadata>
    </record>
  </GetRecord>
</OAI-PMH>
